|
|
|
|
| LEADER |
00000nam0a2200000 4500 |
| 001 |
106657 |
| 005 |
20231101214702.0 |
| 035 |
|
|
|a (RuTPU)RU\TPU\book\115171
|
| 090 |
|
|
|a 106657
|
| 100 |
|
|
|a 20061211d1961 k y0rusy50 ca
|
| 101 |
1 |
|
|a rus
|c cze
|
| 102 |
|
|
|a RU
|
| 105 |
|
|
|a a z 001zy
|
| 200 |
1 |
|
|a Химия органических соединений фтора
|e пер. с чеш.
|f М. Гудлицкий
|g под ред. А. П. Сергеева; пер. Ю. И. Вайнштейна
|
| 210 |
|
|
|a Москва
|c Госхимиздат
|d 1961
|
| 215 |
|
|
|a 371с.
|c ил.
|
| 320 |
|
|
|a Библиогр.: с. 318-343.
|
| 606 |
1 |
|
|a Фторорганические соединения
|x Химия
|2 stltpush
|3 (RuTPU)RU\TPU\subj\75913
|9 87442
|
| 610 |
1 |
|
|a фтор
|
| 610 |
1 |
|
|a органические соединения
|
| 610 |
1 |
|
|a аппаратура
|
| 610 |
1 |
|
|a материалы
|
| 610 |
1 |
|
|a фторирующие агенты
|
| 610 |
1 |
|
|a присоединение
|
| 610 |
1 |
|
|a замещение
|
| 610 |
1 |
|
|a фторирование
|
| 610 |
1 |
|
|a реакции
|
| 610 |
1 |
|
|a аналитическая химия
|
| 675 |
|
|
|a 547.22
|v 3
|
| 700 |
|
1 |
|a Гудлицкий
|b М.
|g Милош
|
| 702 |
|
1 |
|a Сергеев
|b А. П.
|4 340
|
| 702 |
|
1 |
|a Вайнштейн
|b Ю. И.
|4 730
|
| 801 |
|
1 |
|a RU
|b 63413507
|c 20061211
|g PSBO
|
| 801 |
|
2 |
|a RU
|b 63413507
|c 20210531
|g PSBO
|
| 942 |
|
|
|c BK
|